LEADER 03263nam 22007092 450 001 9910777388403321 005 20230829222604.0 010 $a0-511-08247-9 010 $a1-107-11826-3 010 $a1-280-16233-3 010 $a0-511-11809-0 010 $a0-511-01868-1 010 $a0-511-15589-1 010 $a0-511-30401-3 010 $a0-511-49745-8 010 $a0-511-04880-7 024 7 $a2027/heb09279 035 $a(CKB)1000000000001567 035 $a(EBL)201921 035 $a(OCoLC)191035604 035 $a(SSID)ssj0000125428 035 $a(PQKBManifestationID)11936850 035 $a(PQKBTitleCode)TC0000125428 035 $a(PQKBWorkID)10026905 035 $a(PQKB)11377038 035 $a(UkCbUP)CR9780511497452 035 $a(Au-PeEL)EBL201921 035 $a(CaPaEBR)ebr10065749 035 $a(CaONFJC)MIL16233 035 $a(MiAaPQ)EBC201921 035 $a(dli)HEB09279 035 $a(MiU)MIU01000000000000011500035 035 $a(EXLCZ)991000000000001567 100 $a20090309d2000|||| uy 0 101 0 $aeng 135 $aur||||||||||| 181 $ctxt$2rdacontent 182 $cc$2rdamedia 183 $acr$2rdacarrier 200 10$aCommanding right and forbidding wrong in Islamic thought /$fMichael Cook 210 1$aCambridge :$cCambridge University Press,$d2000. 215 $a1 online resource (xvii, 702 pages) $cdigital, PDF file(s) 311 0 $a0-521-13093-X 311 0 $a0-521-66174-9 320 $aIncludes bibliographical references (p. [604]-[660] and index. 327 $apt. 1. Introductory -- pt. 2. The Hanbalites -- pt. 3. The Mu'tazilites and Shi'ites -- pt. 4. Other sects and schools -- pt. 5. Beyond classical Islam. 330 $aWhat kind of duty do we have to try to stop other people doing wrong? The question is intelligible in just about any culture, but few of them seek to answer it in a rigourous fashion. The most striking exception is found in the Islamic tradition, where 'commanding right' and 'forbidding wrong' is a central moral tenet already mentioned in the Koran. As an historian of Islam whose research has ranged widely over space and time, Michael Cook is well placed to interpret this complex subject. His book represents the first sustained attempt to map the history of Islamic reflection on this obligation. It covers the origins of Muslim thinking about 'forbidding wrong', the relevant doctrinal developments over the centuries, and its significance in Sunni and Shi'ite thought today. In this way the book contributes to the understanding of Islamic thought, its relevance to contemporary Islamic politics and ideology, and raises fundamental questions for the comparative study of ethics. 517 3 $aCommanding Right & Forbidding Wrong in Islamic Thought 606 $aIslamic ethics 606 $aReligious life$xIslam 606 $aIslam$xDoctrines 615 0$aIslamic ethics. 615 0$aReligious life$xIslam. 615 0$aIslam$xDoctrines. 676 $a297.5 700 $aCook$b Michael$f1940-$01015598 801 0$bUkCbUP 801 1$bUkCbUP 906 $aBOOK 912 $a9910777388403321 996 $aCommanding right and forbidding wrong in Islamic thought$92372240 997 $aUNINA LEADER 01617nas 2200481-a 450 001 996202424903316 005 20240413021733.0 035 $a(DE-599)ZDB2439566-3 035 $a(CKB)110975506069933 035 $a(CONSER)---82913300- 035 $a(EXLCZ)99110975506069933 100 $a20771219b19732010 --- a 101 0 $aeng 181 $ctxt$2rdacontent 182 $cc$2rdamedia 183 $acr$2rdacarrier 200 00$aPhotonirvachak 210 $aDehra Dun $cIndian Society of Photo-interpretation$d[1974]- 215 $a1 online resource 300 $aRefereed/Peer-reviewed 300 $aSubtitle varies slightly. 311 $aPrint version: Photonirvachak. (DLC) 82913300 (OCoLC)3500587 0255-660X 517 1 $aJournal of the Indian Society of Remote Sensing 531 0 $aPhotonirvachak 606 $aPhotographic interpretation$vPeriodicals 606 $aRemote sensing$vPeriodicals 606 $aPhotographic interpretation$2fast$3(OCoLC)fst01061655 606 $aRemote sensing$2fast$3(OCoLC)fst01094469 608 $aPeriodicals.$2fast 608 $aPeriodicals.$2lcgft 615 0$aPhotographic interpretation 615 0$aRemote sensing 615 7$aPhotographic interpretation. 615 7$aRemote sensing. 676 $a621.36/78/05 712 02$aIndian Society of Photo-interpretation. 712 02$aIndian Society of Photo-interpretation and Remote Sensing. 712 02$aIndian Society of Remote Sensing. 906 $aJOURNAL 912 $a996202424903316 920 $aexl_impl conversion 996 $aPhotonirvachak$93060298 997 $aUNISA